Narratives in popular culture, media, and everyday life
The book explores important narrative theorists and techniques. It considers the narrative elements of dreams, fairy tales, comics, television, novels, radio, film, and everyday life
Zapisane w:
| 1. autor: | |
|---|---|
| Format: | Książka |
| Język: | Undetermined |
| Wydane: |
Thousand Oaks, California
Sage
1996
|
| Hasła przedmiotowe: | |
| Etykiety: |
Dodaj etykietę
Nie ma etykietki, Dołącz pierwszą etykiete!
|
| Thư viện lưu trữ: | Trung tâm Học liệu Trường Đại học Cần Thơ |
|---|
| LEADER | 00779nam a2200205Ia 4500 | ||
|---|---|---|---|
| 001 | CTU_29066 | ||
| 008 | 210402s9999 xx 000 0 und d | ||
| 082 | |a 401.41 | ||
| 082 | |b B496 | ||
| 100 | |a Berger, Arthur Asa | ||
| 245 | 0 | |a Narratives in popular culture, media, and everyday life | |
| 245 | 0 | |c Arthur Asa Berger | |
| 260 | |a Thousand Oaks, California | ||
| 260 | |b Sage | ||
| 260 | |c 1996 | ||
| 520 | |a The book explores important narrative theorists and techniques. It considers the narrative elements of dreams, fairy tales, comics, television, novels, radio, film, and everyday life | ||
| 650 | |a Discourse analysis,Mass media and language,Narration (Rhetoric) | ||
| 650 | |x Narrative | ||
| 904 | |i Minh | ||
| 980 | |a Trung tâm Học liệu Trường Đại học Cần Thơ | ||